藏传佛教主要派别 Main sects of Tibetan Buddhism - Statistics

General Stats
  • This quiz has been taken 24 times
  • The average score is 4 of 7
Answer Stats
派别 介绍 % Correct
格鲁派 1409年,宗喀巴大师以上一派别教义为基础创立的派别,因僧人都戴黄色僧帽,故又称“黄教”。最晚出现,也是目前影响最大的一派。主要观点为中观应成学说。
100%
噶举派 名字可理解为口传宗派。后弘期西藏佛教的重要宗派之一,由马尔巴创立,承传至今。是西藏历史上最早实行活佛(朱沽或祖古)转世制度的派别,于僧人的僧裙中加有白色条纹,又俗称“白教”。
65%
萨迦派 原意是灰白色,因为此派主寺建立之处土色灰白,故名。因主寺围墙上涂有象征密宗三大怙主文殊菩萨、观世音菩萨和金刚手菩萨之智慧、慈悲和力量的红、白、蓝黑三色条纹,故常被称为花教。主张显密兼修,先显后密。
65%
宁玛派 原意是古、旧的意思。在各派中历史最久,教理从公元8世纪时传下来,形成于公元11世纪。尊奉莲花生大士为其始祖。其传承最高修法为“大圆满法”。由于本派出家传承的僧人或在家传承的金刚上师,均戴红色法帽,故俗称为“红帽派”或“红教”。
60%
噶当派 原意为意为用佛的教诲,来指导凡人接受佛教道理的意思。以修习显宗为主,主张先学显宗,后学密宗,其教法传播甚广,藏传佛教各教派均受其影响。
30%
息解派 意思是能寂、止息,指修行者依靠对佛经的认识和苦修,能够达到停止生死轮回,做到息灭苦恼及其根源。以荒山老林、坟墓、葬场等一些人迹罕至之地苦修场所。已逐渐衰微消失。
20%
觉囊派 主张以“他空见”解释时轮,他空见是该派的主要教义,承认真如本性,胜义有为他空。该教派的特殊之处,就在于其思想虽主要来源于藏传佛教,但长期发展与传播,体现出几乎完全同于汉传佛教的如来藏思想,而异于西藏其他教派的思想特征。
20%
No matching quizzes found
Score Distribution
Percent of People with Each Score
Percentile by Number Answered
Your Score History
You have not taken this quiz